| 000 | 00638nam a2200217Ia 4500 | ||
|---|---|---|---|
| 003 | GCL | ||
| 008 | 140319s9999 xx 000 0 ara d | ||
| 040 |
_aGCL / _cGCL |
||
| 082 | 0 | 4 |
_a726.1 _bص م |
| 100 | 1 | _aصالح لمعى مصطفى | |
| 245 | 1 | 0 |
_aمساجد بيروت / _cصالح لمعى مصطفى |
| 260 |
_a[S.N] : _bجامعة بيروت العربية ، _c1978 |
||
| 300 | _a124 ص | ||
| 490 | _a | ||
| 650 | 0 | 4 | _aالتاريخ الاسلامى |
| 650 | 0 | 4 | _aالعمارة الاسلامية |
| 650 | 0 | 4 | _aبيروت |
| 650 | 0 | 4 | _aالاثار الاسلامية |
| 650 | 0 | 4 | _aالمساجد |
| 942 |
_2ddc _cBK |
||
| 999 |
_c36701 _d36701 |
||